[Event "WYb16"]
[Site "Halkidiki GRE"]
[Date "2003.10.23"]
[Round "1"]
[White "Mladenov,P"]
[Black "Braun,A"]
[Result "1-0"]
[WhiteElo "2183"]
[BlackElo "2440"]

1.e4 c5 2.Nf3 e6 3.d4 cxd4 4.Nxd4 Nc6 5.Nc3 Qc7 6.Be3 a6 7.Qd2 Nf6 8.f3 Na5
9.Nb3 b5 10.Qd4 Bb7 11.Be2 Rc8 12.O-O Be7 13.Rac1 Nc4 14.Bxc4 bxc4 15.Nd2 Bd6
16.Kh1 Bxh2 17.Nxc4 Bg3 18.Ne2 Nh5 19.Rfd1 d5 20.Nb6 Rd8 21.exd5 exd5 22.Qg4 Qe5
23.Bc5 d4 24.Nxg3 Nxg3+ 25.Qxg3 Qxc5 26.Qxg7 Ke7 27.Re1+ Kd6 28.Qf6+ Kc7
29.Re7+ Kb8 30.Nd7+  1-0

[Event "29th Guernsey Open"]
[Site "Les Dicqs GCI"]
[Date "2003.10.23"]
[Round "5"]
[White "Pym,T"]
[Black "Kahar,K"]
[Result "0-1"]
[WhiteElo "1976"]
[BlackElo "2189"]

1.e4 c5 2.Nf3 Nc6 3.d4 cxd4 4.Nxd4 e6 5.Nc3 a6 6.Be3 Nge7 7.f4 Nxd4 8.Qxd4 b5
9.Qd2 Bb7 10.Bd3 d5 11.exd5 Nxd5 12.Nxd5 Qxd5 13.O-O-O Be7 14.Kb1 O-O 15.Qe2 Qxg2
16.Bxh7+ Kxh7 17.Qh5+ Kg8 18.Rhg1 Bf3 19.Qe5 Bf6 20.Qxf6 gxf6 21.Rxg2+ Bxg2
22.Rg1 Kh7 23.Rxg2 Rg8 24.Re2 Kg6 25.c3 Kf5 26.Bd4 Rg4  0-1

[Event "300 Years"]
[Site "St Petersburg RUS"]
[Date "2003.10.23"]
[Round "6"]
[White "Melnikov,D"]
[Black "Lelekova,O"]
[Result "1/2-1/2"]
[WhiteElo "2263"]
[BlackElo "2062"]

1.e4 c5 2.Nf3 Nc6 3.d4 cxd4 4.Nxd4 e6 5.Nc3 Nf6 6.Ndb5 Bb4 7.a3 Bxc3+ 8.Nxc3 d5
9.exd5 exd5 10.Bd3 O-O 11.O-O d4 12.Ne4 Nxe4 13.Bxe4 Qf6 14.Qh5 h6 15.Bd2 Ne5
16.h3 Nc4 17.Bb4 Rd8 18.Rfe1 Nd6 19.Bd3 Be6 20.b3 Nf5 21.Re2 a5 22.Bd2 a4
23.bxa4 Rxa4 24.Qf3 Bc4 25.Qxb7 Nh4 26.Bb4 Bxd3 27.cxd3 Ng6 28.Rae1 Raa8
29.Re4 Rdb8 30.Qc7 Rb5 31.Qd6 Qxd6 32.Bxd6 Rd5 33.Re8+ Rxe8 34.Rxe8+ Kh7
35.Bc7 Rc5 36.Bb6 Rc3 37.a4 Rxd3 38.a5 Ra3 39.Kf1 d3 40.Ke1 Nf4 41.Rd8 Nxg2+
42.Kd2 Nf4 43.Rd7 g5 44.Rxf7+ Kg6 45.Rd7 Ra2+ 46.Kc3 Kf5 47.Kb3 Ra1 48.Kb2 Ra4
49.Rd4 Rxd4 50.Bxd4 Nd5 51.Be3 h5 52.a6 g4 53.a7 Nc7 54.hxg4+ Kxg4 55.Kc1 Kf3
56.Kd2 h4 57.Bc5 Ke4 58.f3+ Kd5 59.Bf2 h3 60.Bg3 Na8 61.Kxd3 Kc6 62.f4 Kb7
63.f5 Nb6 64.Bb8 Nd7 65.Bh2 Kxa7 66.Ke4 Nf6+ 67.Kf4 Kb7 68.Kg3 Kc6 69.Kxh3 Kd5
70.Kh4 Ke4 71.Kg5 Nh7+ 72.Kg6 Nf8+  1/2-1/2

[Event "300 Years"]
[Site "St Petersburg RUS"]
[Date "2003.10.23"]
[Round "6"]
[White "Ziatdinov,R"]
[Black "Ionov,S"]
[Result "1/2-1/2"]
[WhiteElo "2448"]
[BlackElo "2547"]

1.e4 c5 2.Nf3 e6 3.d4 cxd4 4.Nxd4 Nc6 5.Nc3 d6 6.Be3 Nf6 7.f3 Be7 8.Qd2 O-O
9.O-O-O d5 10.exd5 Nxd5 11.Nxd5 Qxd5 12.c4 Qd6 13.Nb5 Qb8 14.Bd3 Rd8 15.Qc2 f5
16.Qf2 b6 17.Qg3 Qxg3 18.hxg3 Nb4 19.Bb1 Ba6 20.a4 Rdc8 21.b3 Nd5 22.Bd4 Nf6
23.Rhe1 Kf7 24.Kb2 Bb7 25.Bc3 Rd8 26.Rxd8 Rxd8 27.Nxa7 Bc5 28.Re2 g5 29.b4 Bg1
30.Nb5 g4 31.Bxf6 Kxf6 32.fxg4 fxg4 33.Bxh7 Bc6 34.Be4 Bxb5 35.axb5 Rd1 36.Bc6 Rf1
37.Bd7 Rf2 38.Rxf2+ Bxf2 39.Kb3 Ke5 40.Ka4 Bxg3 41.c5 Bf2 42.c6 Kd6 43.Kb3 g3
44.Kc4 e5 45.Kd3 Kc7  1/2-1/2

[Event "LXVIII ch-ESP Gp B"]
[Site "Burgos ESP"]
[Date "2003.10.24"]
[Round "1"]
[White "Arizmendi Martinez,J"]
[Black "De la Riva Aguado,O"]
[Result "1/2-1/2"]
[WhiteElo "2521"]
[BlackElo "2549"]

1.e4 c5 2.Nf3 Nc6 3.d4 cxd4 4.Nxd4 e6 5.Nc3 Qc7 6.Be3 a6 7.Qd2 Nf6 8.O-O-O Bb4
9.f3 Ne7 10.Nde2 d5 11.Bg5 dxe4 12.Bxf6 gxf6 13.Qd4 exf3 14.Qxb4 fxe2 15.Bxe2 f5
16.Na4 b5 17.Nc5 O-O 18.Nd7 Bxd7 19.Qxe7 Rac8 20.Qg5+ Kh8 21.Qf6+ Kg8 22.Qg5+ Kh8
23.Qf6+ Kg8 24.Qg5+  1/2-1/2

[Event "LXVIII ch-ESP Abierto"]
[Site "Burgos ESP"]
[Date "2003.10.24"]
[Round "1"]
[White "Esnaola Sansebastian,I"]
[Black "San Emeterio Cabanes,J"]
[Result "1/2-1/2"]
[WhiteElo "1971"]
[BlackElo "2342"]

1.e4 c5 2.Nf3 Nc6 3.d4 cxd4 4.Nxd4 e6 5.Nc3 a6 6.Be2 Qc7 7.O-O Nf6 8.Kh1 Bb4
9.Bg5 Bxc3 10.Bxf6 Nxd4 11.Bxd4 Bxd4 12.Qxd4 O-O 13.Qc4 Qxc4 14.Bxc4 d6 15.a4 Rd8
16.Rfd1 Kf8 17.e5 d5 18.Be2 Bd7 19.Rd4 Rac8 20.Bd3 f6 21.f4 Ke7 22.Kg1 Rf8
23.Rf1 h6 24.Rf3 g5 25.exf6+ Rxf6 26.fxg5 Rxf3 27.gxf3 hxg5 28.b3 Bc6 29.c4 Kf6
30.cxd5 Bxd5 31.Be4 Ke5 32.Rb4 Rc7 33.Kf2 Kd6 34.Bxd5 exd5 35.Rg4 Rc3 36.Rxg5 Rxb3
37.Rg7 Rb4 38.Rg4 Rxg4 39.fxg4 b5 40.axb5 axb5 41.g5 b4 42.Ke3 b3 43.Kd3 d4
44.h4  1/2-1/2

[Event "300 Years Women"]
[Site "St Petersburg RUS"]
[Date "2003.10.24"]
[Round "7"]
[White "Ivkina,O"]
[Black "Vasilevich,I"]
[Result "0-1"]
[WhiteElo "2203"]
[BlackElo "2273"]

1.e4 c5 2.Nf3 e6 3.Nc3 Nc6 4.d4 cxd4 5.Nxd4 Qc7 6.Nxc6 bxc6 7.Bd3 Nf6 8.O-O e5
9.f4 d6 10.Kh1 Be7 11.fxe5 dxe5 12.Be3 Be6 13.Qe2 Rb8 14.b3 O-O 15.h3 Rfd8
16.Rf2 c5 17.Raf1 Qa5 18.Nd5 Bxd5 19.exd5 Rxd5 20.Bg5 c4 21.Bxc4 Rd4 22.Bxf6 Bxf6
23.Qh5 Rf8 24.Qf5 Rd6 25.Bd3 g6 26.Qe4 Kg7 27.Bc4 Rfd8 28.g4 h6 29.h4 Qc3
30.g5 hxg5 31.hxg5 Bxg5 32.Rxf7+ Kh6 33.R7f3 Rd4 34.Rxc3 Rxe4 35.Rh3+ Bh4
36.Bd3 Red4 37.Rff3 Kg5 38.Re3 Kf4 39.Re2 e4 40.Bb5  0-1

[Event "GpB"]
[Site "Cap D'Agde FRA"]
[Date "2003.10.25"]
[Round "4"]
[White "Grischuk,A"]
[Black "Svidler,P"]
[Result "1/2-1/2"]
[WhiteElo "2732"]
[BlackElo "2723"]

1.e4 c5 2.Nf3 e6 3.d4 cxd4 4.Nxd4 Nc6 5.Nc3 Qc7 6.Be3 a6 7.Qd2 Nf6 8.O-O-O Bb4
9.f3 Ne5 10.Nb3 b5 11.Kb1 Nc4 12.Bxc4 bxc4 13.Nc1 O-O 14.Bf4 Bxc3 15.Bxc7 Bxd2
16.Rxd2 c3 17.bxc3 d5 18.e5 Nd7 19.c4 dxc4 20.Ne2 Ra7 21.Bd6 Rd8 22.Rhd1 Nb6
23.Bc5 Rxd2 24.Rxd2 Rd7 25.Rxd7 Nxd7 26.Bd4 f6 27.exf6 e5 28.Ba7 Nxf6 29.Kb2 Kf7
30.Kc3 Be6 31.Bb8 Nd5+ 32.Kd2  1/2-1/2

[Event "TCh-FIN 2003-4"]
[Site "Finland FIN"]
[Date "2003.10.25"]
[Round "3"]
[White "Lehtinen,A"]
[Black "Nokso Koivisto,An"]
[Result "1-0"]
[WhiteElo "2156"]
[BlackElo "2239"]

1.e4 c5 2.Nc3 Nc6 3.Nge2 e6 4.d4 cxd4 5.Nxd4 a6 6.Be3 d6 7.g4 Nge7 8.Bg2 Ng6
9.O-O Be7 10.f4 Nxd4 11.Qxd4 e5 12.fxe5 Nxe5 13.g5 O-O 14.h4 Ng6 15.Bf2 Nf4
16.Bg3 Nxg2 17.Kxg2 Be6 18.Rad1 Qd7 19.Rf2 Rad8 20.Nd5 Rfe8 21.Rd3 Bf8 22.h5 Bg4
23.h6 Bh5 24.Rf4 Bg6 25.Rh4 Re6 26.Rd2 Rde8 27.e5 Qc6 28.exd6 Re2+ 29.Kf1 Rxd2
30.Qxd2 Rd8 31.hxg7 Bxd6 32.Qd4 Bc5 33.Nf6+ Kxg7 34.Nh5+ Kf8 35.Qxd8+  1-0

[Event "300 Years"]
[Site "St Petersburg RUS"]
[Date "2003.10.25"]
[Round "8"]
[White "Belov,Vl"]
[Black "Bocharov,D"]
[Result "1/2-1/2"]
[WhiteElo "2553"]
[BlackElo "2527"]

1.e4 c5 2.Nf3 Nc6 3.d4 cxd4 4.Nxd4 e6 5.Nc3 Qc7 6.g3 a6 7.Bg2 Nf6 8.O-O Be7
9.Re1 O-O 10.Nxc6 bxc6 11.e5 Nd5 12.Na4 Rb8 13.b3 f5 14.Bd2 c5 15.c4 Nb4
16.Be3 Rd8 17.f4 Nc6 18.Qe2 Nd4 19.Bxd4 cxd4 20.Rad1 Bb4 21.Rf1 d6 22.exd6 Qxd6
23.Nb2 Bb7 24.Nd3 Bxg2 25.Qxg2 a5 26.Ne5 Rdc8 27.Rd3 a4 28.Rfd1 axb3 29.axb3 Qc7
30.g4 Qb7 31.gxf5 exf5 32.Qxb7 Rxb7 33.Nf3 Bc5 34.Kg2 Rd8 35.Ra1 g6 36.Ra6 Rc8
37.h4 Rcb8 38.Rc6 Bf8 39.h5 Rxb3 40.Rxb3 Rxb3 41.Nxd4 Re3 42.hxg6 hxg6 43.Rxg6+ Kf7
44.Rg5 Re4 45.Rxf5+ Kg6 46.Rd5 Rxf4 47.Kg3 Rf1 48.c5 Rc1 49.c6 Bg7 50.Rd6+ Kf7
51.Rd7+ Kg8 52.Nf5 Bf6 53.Nh6+ Kh8 54.Nf7+ Kg7 55.Kf4 Kg6 56.Rc7 Rc4+ 57.Ke3 Rc3+
58.Ke4 Rc5 59.Nd6 Be5 60.Rd7 Kf6 61.Nf7 Rc4+ 62.Kd5 Rd4+ 63.Kc5 Rxd7 64.cxd7 Bc7
65.Kc6 Ba5 66.Nd6 Ke7 67.Nb5 Bd8 68.Nc7 Kf7 69.Kd6 Be7+ 70.Kd5 Bd8 71.Na6 Ke7
72.Kc6 Kf7 73.Nc5 Be7 74.Nd3 Bd8 75.Nb4 Ke6 76.Nc2 Kf7 77.Nd4 Ke7  1/2-1/2

[Event "Classics II IM"]
[Site "Gausdal NOR"]
[Date "2003.10.26"]
[Round "7"]
[White "Thinius,M"]
[Black "Nordahl,H"]
[Result "1/2-1/2"]
[WhiteElo "2389"]
[BlackElo "2313"]

1.e4 c5 2.Nf3 e6 3.d4 cxd4 4.Nxd4 Nc6 5.Nc3 a6 6.Be2 Nge7 7.Be3 Nxd4 8.Qxd4 b5
9.O-O Nc6 10.Qd2 Bb7 11.f4 Qc7 12.Kh1 Be7 13.Rad1 Rd8 14.Bf3 Na5 15.Qf2 Nc4
16.Bc1 O-O 17.Rd3 f5 18.exf5 Bxf3 19.Rxf3 Rxf5 20.Ne4 Nd6 21.Ng3 Rf7 22.Be3 Rdf8
23.Bd4 Nf5 24.Be5 Bd6 25.Bxd6 Qxd6 26.Nxf5 Rxf5 27.c3 Rd5 28.Qh4 Rd1 29.h3 Rxf1+
30.Rxf1 Qd3 31.Qe1 Qc4 32.b3 Qd3 33.Rf3 Qd5 34.Rf2 Qc5 35.Rf3 Qd5  1/2-1/2

[Event "WYb16"]
[Site "Halkidiki GRE"]
[Date "2003.10.26"]
[Round "4"]
[White "Predojevic,B"]
[Black "Soskov,V"]
[Result "1-0"]
[WhiteElo "2462"]
[BlackElo "2262"]

1.e4 c5 2.Nf3 e6 3.d4 cxd4 4.Nxd4 Nc6 5.Nc3 Qc7 6.Be2 a6 7.O-O Nf6 8.Be3 Bb4
9.Na4 Be7 10.c4 Nxe4 11.c5 O-O 12.Rc1 Rd8 13.g3 Rb8 14.Bf3 Nf6 15.Re1 e5
16.Nf5 Bf8 17.Nd6 b5 18.Nc3 h6 19.Nd5 Nxd5 20.Bxd5 Bxd6 21.cxd6 Qa5 22.Bxh6 gxh6
23.Qh5 Qd2 24.Qxf7+ Kh8 25.Be4  1-0

[Event "CCAS Open"]
[Site "Cap d'Agde FRA"]
[Date "2003.10.27"]
[Round "6"]
[White "Palac,M"]
[Black "Miladinovic,I"]
[Result "1/2-1/2"]
[WhiteElo "2534"]
[BlackElo "2599"]

1.e4 c5 2.Nf3 Nc6 3.Nc3 e6 4.d4 cxd4 5.Nxd4 Qc7 6.Be3 a6 7.Bd3 Nf6 8.O-O h5
9.h3 b5 10.Nxc6 Qxc6 11.a3 Bb7 12.Re1  1/2-1/2

[Event "WYb16"]
[Site "Halkidiki GRE"]
[Date "2003.10.27"]
[Round "5"]
[White "Soskov,V"]
[Black "Deepan,C"]
[Result "1/2-1/2"]
[WhiteElo "2262"]
[BlackElo "2371"]

1.e4 c5 2.Nf3 Nc6 3.Nc3 e6 4.d4 cxd4 5.Nxd4 d6 6.Be3 Nf6 7.f3 Be7 8.Qd2 a6
9.g4 Qc7 10.O-O-O O-O 11.h4 Nxd4 12.Bxd4 b5 13.g5 Nh5 14.Bh3 b4 15.Ne2 e5
16.Be3 Bxh3 17.Rxh3 Rfc8 18.Kb1 a5 19.Ng3 Nxg3 20.Rxg3 a4 21.b3 Ra6 22.Rg2 Rc6
23.h5 g6 24.Rh1 Bf8 25.hxg6 hxg6 26.Rgh2 Bg7 27.Qd1 Rc3 28.Bc1 Qc5 29.Bb2 a3
30.Bc1 Rc6 31.Rd2 Qb6  1/2-1/2

[Event "WYg18"]
[Site "Halkidiki GRE"]
[Date "2003.10.27"]
[Round "5"]
[White "Meshcheriakova,E"]
[Black "Yildiz,B"]
[Result "1-0"]
[WhiteElo "2231"]
[BlackElo "2131"]

1.e4 c5 2.Nf3 e6 3.Nc3 Nc6 4.d4 cxd4 5.Nxd4 a6 6.Nb3 b5 7.Bd3 Qc7 8.O-O d6
9.Qe2 Nf6 10.f4 Bb7 11.a4 b4 12.Na2 Be7 13.Bd2 d5 14.e5 Nd7 15.Be3 Na5 16.Nxa5 Qxa5
17.Nc1 Bc5 18.Nb3 Bxe3+ 19.Qxe3 Qd8 20.a5 Qe7 21.Qd4 Bc6 22.Rf3 O-O 23.Qe3 Rfc8
24.Nd4 Nc5 25.f5 Nxd3 26.f6 Qc5 27.cxd3  1-0

[Event "After Holidays GM"]
[Site "Tel Aviv ISR"]
[Date "2003.10.27"]
[Round "8"]
[White "Zak,Uri1"]
[Black "Kreizberg,M"]
[Result "1-0"]
[WhiteElo "2356"]
[BlackElo "2329"]

1.e4 c5 2.Nf3 Nc6 3.Nc3 e6 4.d4 cxd4 5.Nxd4 Qc7 6.Be2 a6 7.Be3 Nf6 8.O-O Be7
9.f4 d6 10.Qe1 O-O 11.Qg3 Bd7 12.Rae1 Kh8 13.Kh1 Rac8 14.Bd3 b5 15.a3 Rfe8
16.Nxc6 Bxc6 17.Bd4 Bf8 18.e5 dxe5 19.Bxe5 Qb7 20.Qh3 h6 21.Re2 Ng8 22.Qg4 f5
23.Qg6 a5 24.Nd1 b4 25.axb4 axb4 26.b3 Bb5 27.Nb2 Bxd3 28.Nxd3 Qe7 29.Bb2 Nf6
30.Rfe1 Kg8 31.Ne5 Ne4 32.Rxe4 fxe4 33.Ng4 e5 34.Nxh6+ Kh8 35.Nf7+ Kg8 36.Ng5  1-0

[Event "After Holidays IM"]
[Site "Tel Aviv ISR"]
[Date "2003.10.27"]
[Round "8"]
[White "Shutzman,J"]
[Black "Lymar,I"]
[Result "1-0"]
[WhiteElo "2261"]
[BlackElo "2392"]

1.e4 c5 2.Nf3 e6 3.d4 cxd4 4.Nxd4 Nc6 5.Nc3 Qc7 6.Ndb5 Qb8 7.Be3 a6 8.Bb6 axb5
9.Nxb5 Bb4+ 10.c3 Ba5 11.Nc7+ Qxc7 12.Bxc7 Bxc7 13.Qg4 Kf8 14.f4 Nf6 15.Qf3 h5
16.e5 Nd5 17.Bc4 Nce7 18.O-O-O Ra4 19.b4 b5 20.Bxb5 Rxa2 21.c4 Nb6 22.Kb1 Ra7
23.Kb2 g5 24.Rhf1 Kg7 25.g3 Nf5 26.Qf2 Ba6 27.Ra1 Rha8 28.Bxa6 Rxa6 29.Rxa6 Rxa6
30.Kb3 Na4 31.c5 Bd8 32.Rd1 Ra7 33.Rd2  1-0

[Event "LXVIII ch-ESP Gp B p/off"]
[Site "Burgos ESP"]
[Date "2003.10.28"]
[Round "1"]
[White "Arizmendi Martinez,J"]
[Black "De la Riva Aguado,O"]
[Result "1/2-1/2"]
[WhiteElo "2521"]
[BlackElo "2549"]

1.e4 c5 2.Nc3 Nc6 3.Nf3 e6 4.d4 cxd4 5.Nxd4 Qc7 6.g3 a6 7.Bg2 d6 8.O-O Bd7
9.Nxc6 bxc6 10.b3 Nf6 11.Bb2 e5 12.Na4 Be7 13.c4 O-O 14.c5 d5 15.exd5 Nxd5
16.Nb6 Rad8 17.Nxd7 Rxd7 18.Qe2 Bxc5 19.Bxe5 Re8 20.Rae1 Rde7 21.Bxc7 Rxe2
22.Rxe2 Rxe2 23.Rc1 Bxf2+ 24.Kf1 Be3 25.Kxe2 Bxc1 26.Be5 f6 27.Bd4 Kf7 28.a4 Ke6
29.Kd3 Kd6 30.Be4 h6 31.Bg6 Ba3 32.Kc4 c5 33.Bf2 Nb6+ 34.Kd3 Nd7 35.Bf5 Ne5+
36.Ke4 g6 37.Bc8 f5+ 38.Ke3 a5 39.Ke2 Bb4 40.Be3 Kc7 41.Be6 Kd6 42.Bc8 c4
43.bxc4 Nxc4 44.Bxh6 Nb6 45.Bf4+ Ke7 46.Bg5+ Kf7 47.Ba6 Nxa4 48.g4 fxg4 49.Bc8 Nc3+
50.Kd3 a4 51.Bxg4 a3 52.Bc1 a2 53.Bb2 Na4 54.Ba1 Bc3 55.Bd1 Bxa1 56.Bxa4 Be5
57.Bb3+ Kf6  1/2-1/2

[Event "LXVIII ch-ESP Abierto"]
[Site "Burgos ESP"]
[Date "2003.10.28"]
[Round "5"]
[White "Baron Rodriguez,Je"]
[Black "Garrido Dominguez,J"]
[Result "1-0"]
[WhiteElo "2419"]
[BlackElo "2191"]

1.e4 c5 2.Nf3 Nc6 3.Nc3 e6 4.d4 cxd4 5.Nxd4 Nf6 6.Nxc6 bxc6 7.e5 Nd5 8.Ne4 Be7
9.c4 Nb6 10.Qg4 Kf8 11.Bd3 Na4 12.O-O Nc5 13.Nxc5 Bxc5 14.Be3 Qe7 15.Rad1 h5
16.Qf4 Ba6 17.Bg6 Bb6 18.c5 Bc7 19.Bd3 Bxd3 20.Rxd3 f6 21.exf6  1-0

[Event "WYg18"]
[Site "Halkidiki GRE"]
[Date "2003.10.28"]
[Round "6"]
[White "Aketaeva,D"]
[Black "Yildiz,B"]
[Result "0-1"]
[WhiteElo "2192"]
[BlackElo "2131"]

1.e4 c5 2.Nf3 e6 3.d4 cxd4 4.Nxd4 Nc6 5.Nc3 Qc7 6.Be2 a6 7.a4 Nf6 8.O-O Bb4
9.Qd3 Nxd4 10.Qxd4 Bd6 11.Kh1 b6 12.f4 Bb7 13.Qd3 Be7 14.Bf3 d6 15.e5 dxe5
16.Bxb7 Qxb7 17.fxe5 Nd5 18.Qf3 Bc5 19.Ne4 O-O-O 20.c3 a5 21.Bd2 Rd7 22.h3 h6
23.Qg3 g5 24.Qe1 Rhd8 25.b4 axb4 26.cxb4 Bf8 27.b5 Nc7 28.Bc3 Kb8 29.a5 Nxb5
30.Rb1 Qc6 31.axb6 Nxc3 32.Nxc3 Rd3 33.Ne4 R3d4 34.Ng3 g4 35.hxg4 Rxg4 36.Rxf7 Bc5
37.Rf2 Rxg3 38.Rc2 Rh3+  0-1

[Event "LXVIII ch-ESP Abierto"]
[Site "Burgos ESP"]
[Date "2003.10.29"]
[Round "6"]
[White "Outerelo Ucha,M"]
[Black "Rodriguez Vinuesa,A"]
[Result "1/2-1/2"]
[WhiteElo "2240"]
[BlackElo "2107"]

1.e4 c5 2.Nf3 Nc6 3.Nc3 e6 4.d4 cxd4 5.Nxd4 Nf6 6.g3 Bb4 7.Bg2 d5 8.exd5 Nxd5
9.O-O O-O 10.Nxd5 exd5 11.c3 Be7 12.Be3 Ne5 13.h3 Nc4 14.Bc1 Bf6 15.Kh2 a6
16.b3 Nb6 17.a4 Be6 18.Ba3 Re8 19.Rc1 Be7 20.Bb2 Nd7 21.c4 Nf6 22.Nxe6 fxe6
23.cxd5 Nxd5 24.Re1 Bf6 25.Rxe6 Rxe6 26.Bxd5 Bxb2 27.Bxe6+ Kh8 28.Qxd8+ Rxd8
29.Rc8 Rxc8 30.Bxc8 a5 31.Bxb7 Bc3 32.f4 Kg8 33.g4 Kf7 34.Bd5+ Kf6 35.Be4 h6
36.h4 Bd2 37.g5+ hxg5 38.hxg5+ Kf7 39.Kg3 Be3 40.Bd5+ Ke7 41.b4 axb4 42.Kg4 Kd6
43.Ba2 Ke7 44.f5 Bd2 45.Kh5 Be3 46.Kg6 Bd4 47.Bb3 Bc3 48.Kh7 Bd4 49.Bc2 Kd6
50.Kg6 Ke7 51.Kh7 Kd6 52.Kg6 Ke7 53.Kh5 Kd6 54.Kg4 Ke7 55.Kf4 Bb2 56.Ke4 Bc3
57.Kd5 Bd2 58.f6+ Kf7 59.a5 Bxg5  1/2-1/2

[Event "KO Blitz"]
[Site "Cap D'Agde FRA"]
[Date "2003.10.29"]
[Round "2.3"]
[White "Svidler,P"]
[Black "Anand,V"]
[Result "1/2-1/2"]
[WhiteElo "2723"]
[BlackElo "2766"]

1.e4 c5 2.Nf3 e6 3.d4 cxd4 4.Nxd4 Nc6 5.Nc3 a6 6.Nxc6 bxc6 7.Bd3 d5 8.O-O Nf6
9.Re1 Bb7 10.Bf4 Be7 11.Qf3 O-O 12.Rad1 Nd7 13.Na4 Nb6 14.Nxb6 Qxb6 15.b3 c5
16.exd5 Bxd5 17.Qh3 g6 18.Be5 Rfe8 19.Re3 Bf8 20.Qh4 Bg7 21.Bxg7 Kxg7 22.Rh3 h5
23.Qg5 Qd8 24.Rxh5 Qxg5 25.Rxg5 f5 26.Rg3 Kf6 27.Be2 a5 28.Rc3 Rec8 29.a4 Rab8
30.Bc4 Bxc4 31.Rxc4 Rb4 32.Rc3 c4 33.h3 Rcb8 34.Rd6 cxb3 35.cxb3 Rxb3 36.Rcc6 Rb1+
37.Kh2 Re1 38.h4 Rb4 39.g3 Rb2 40.g4 fxg4 41.Kg2 Re4 42.Kg3 Rb3+ 43.Kg2 Rb2
44.Kg3 Rxa4 45.Rxe6+ Kf7 46.Rf6+ Ke7 47.Rxg6 Ra3+ 48.Kxg4 Rxf2 49.Kh5 Rf7
50.Kh6 Raf3 51.Ra6 R3f6 52.Rxa5 Rxg6+ 53.Kxg6 Rf6+  1/2-1/2

[Event "2nd Milk Tournament"]
[Site "Selfoss ISL"]
[Date "2003.10.29"]
[Round "1"]
[White "Thorhallsson,T"]
[Black "Stefansson,H"]
[Result "1/2-1/2"]
[WhiteElo "2444"]
[BlackElo "2567"]

1.e4 c5 2.Nf3 Nc6 3.d4 cxd4 4.Nxd4 e6 5.Nc3 Qc7 6.Be2 a6 7.O-O Nf6 8.Be3 Be7
9.f4 d6 10.a4 O-O 11.Kh1 Re8 12.Nb3 b6 13.Bf3 Bb7 14.Qe2 Nd7 15.g4 Nc5 16.g5 Bf8
17.Bg2 g6 18.Qf2 Rad8 19.Rad1 Nb4 20.Rd4 a5 21.Rd2 Qe7 22.Rfd1 Bg7 23.Nxc5 dxc5
24.e5 Bc6 25.Bxc6 Nxc6 26.Nb5 Rxd2 27.Rxd2 Rd8 28.Nd6 Qc7 29.Qf3 Ne7  1/2-1/2

[Event "LXVIII ch-ESP Abierto"]
[Site "Burgos ESP"]
[Date "2003.10.30"]
[Round "7"]
[White "Llaneza Vega,P"]
[Black "Solana Suarez,E"]
[Result "0-1"]
[WhiteElo "2190"]
[BlackElo "2348"]

1.e4 c5 2.Nf3 Nc6 3.Nc3 e6 4.d4 cxd4 5.Nxd4 Qc7 6.g3 d6 7.Bg2 Nxd4 8.Qxd4 Bd7
9.O-O Nf6 10.Bg5 Be7 11.Rad1 h6 12.Bxf6 Bxf6 13.Qxd6 Qxd6 14.Rxd6 Bxc3 15.bxc3 Rc8
16.Rfd1 Rc7 17.R6d4 Ke7 18.Rb4 b6 19.Rbd4 e5 20.R4d3 Be6 21.a3 g5 22.Bf1 Rhc8
23.R3d2 Rxc3 24.Ba6 R8c7 25.a4 Rxc2 26.Rxc2 Rxc2 27.Bb5 Bg4 28.Re1 Bf3 29.h3 h5
30.Bd3 Rd2 31.Bb5 g4 32.h4 Rd4  0-1

[Event "18th Open"]
[Site "Le Touquet FRA"]
[Date "2003.10.31"]
[Round "7"]
[White "Gurevich,Vl"]
[Black "Kveinys,A"]
[Result "0-1"]
[WhiteElo "2425"]
[BlackElo "2495"]

1.e4 c5 2.Nf3 Nc6 3.d4 cxd4 4.Nxd4 e6 5.Nc3 Qc7 6.Nb3 a6 7.Bd3 Nf6 8.O-O b5
9.a3 Be7 10.f4 d6 11.Be3 O-O 12.Kh1 Rd8 13.Qe2 Rb8 14.Rae1 b4 15.axb4 Nxb4
16.Nd4 Nxd3 17.cxd3 Qb7 18.Bc1 Bd7 19.Qf3 Rdc8 20.Qg3 a5 21.e5 Nh5 22.Qh3 g6
23.Ne4 Qa6 24.exd6 Bd8 25.Ne2 f6 26.N2c3 Qc6 27.Nd2 Qxd6  0-1

[Event "WYb14"]
[Site "Halkidiki GRE"]
[Date "2003.11.01"]
[Round "10"]
[White "Bindrich,F"]
[Black "Lapcevic,M"]
[Result "1-0"]
[WhiteElo "2309"]
[BlackElo "2119"]

1.e4 c5 2.Nf3 e6 3.d4 cxd4 4.Nxd4 Nc6 5.Nc3 Qc7 6.Be2 a6 7.Be3 Nf6 8.a3 b5
9.Nxc6 dxc6 10.f4 Bb7 11.O-O Be7 12.e5 Rd8 13.Qe1 Nd7 14.Rd1 O-O 15.Qg3 f5
16.exf6 Nxf6 17.a4 b4 18.Nb1 c5 19.Qh3 Bd5 20.c4 bxc3 21.Nxc3 Qc6 22.Rde1 c4
23.Bf3 Bc5 24.Bxc5 Qxc5+ 25.Kh1 Rd6 26.Re2 Rb8 27.Rfe1 Rdb6 28.Nxd5 exd5
29.Re7 Kf8 30.Qg3 Qxe7 31.Rxe7 Kxe7 32.Qxg7+ Ke6 33.g4 Rxb2 34.g5 Nd7 35.Bg4+ Kd6
36.Qxd7+ Kc5 37.Qc7+ Kd4 38.Qe5+ Kc5 39.Bf3 Rb1+ 40.Kg2 R8b2+ 41.Kg3 Rd2
42.Qe3+ Rd4 43.Qe7+ Kc6 44.Qe8+ Kc7 45.Qe5+  1-0

[Event "WYb18"]
[Site "Halkidiki GRE"]
[Date "2003.11.01"]
[Round "10"]
[White "Shytaj,L"]
[Black "Kuljasevic,D"]
[Result "0-1"]
[WhiteElo "2343"]
[BlackElo "2429"]

1.e4 c5 2.Nf3 Nc6 3.Nc3 e6 4.d4 cxd4 5.Nxd4 Nf6 6.g3 Qb6 7.Nb3 Bb4 8.Bg2 Qa6
9.Qd3 Qxd3 10.cxd3 b6 11.O-O Ba6 12.Rd1 Rc8 13.d4 Bxc3 14.bxc3 d5 15.e5 Ng8
16.a4 Be2 17.Re1 Bc4 18.Nd2 Na5 19.Ba3 Ne7 20.Rec1 Kd7 21.Bb4 Nec6 22.Bf1 Bxf1
23.Bxa5 Bd3 24.Bb4 Nxb4 25.cxb4 Rxc1+ 26.Rxc1 Rc8 27.Rxc8 Kxc8 28.f4 Bc2
29.Kf2 Kb7 30.Ke3 Bxa4 31.Nb1 a5 32.bxa5 b5 33.f5 b4 34.f6 gxf6 35.exf6 Bc2
36.Nd2 b3 37.Nxb3 Bxb3 38.Kf4 Bc2 39.g4 h6 40.h4 Ka6 41.h5 Kxa5 42.g5 hxg5+
43.Kxg5 Kb5 44.Kh6 Bd1  0-1

[Event "3rd Rohde Open"]
[Site "Sautron FRA"]
[Date "2003.11.01"]
[Round "8"]
[White "Miqueu,E"]
[Black "Prasad,D"]
[Result "0-1"]
[WhiteElo "2112"]
[BlackElo "2409"]

1.e4 c5 2.Nc3 Nc6 3.Nf3 e6 4.d4 cxd4 5.Nxd4 Qc7 6.Be2 a6 7.O-O Nf6 8.a3 Be7
9.Kh1 O-O 10.f4 d6 11.Be3 Bd7 12.Bf3 Nxd4 13.Bxd4 e5 14.Be3 exf4 15.Bxf4 Be6
16.Qd4 Nd7 17.Rad1 Ne5 18.Qf2 Bf6 19.Nd5 Bxd5 20.Rxd5 Rfd8 21.Bxe5 Bxe5 22.c3 Qe7
23.Bd1 g6 24.Bb3 Kg7 25.Rd3 Rf8 26.Rf3 f6 27.Qd2 h5 28.h3 Rac8 29.g3 Rc5
30.Kg2 b5 31.Bd5 Rfc8 32.R1f2 a5 33.Rf1 Rb8 34.R3f2 b4 35.axb4 axb4 36.c4 Ra5
37.Qc1 b3 38.Re2 Ra2 39.Rd1 Qa7 40.Qb1 Qa5 41.Rdd2 Qa7 42.Qg1 Qxg1+ 43.Kxg1 Bxg3
44.c5 dxc5 45.Rd3 Be5 46.Rxb3 Ra1+ 47.Kg2 Rxb3 48.Bxb3 Bd4 49.Be6 Kf8 50.b3 Ke7
51.Bc4 Kd6 52.Kh2 h4 53.Bf7 Rb1 54.Kg2 Ke5 55.Kf3 Rf1+ 56.Kg2 Rc1 57.Kf3 g5
58.Kg2 Rc3 59.Bg8 Be3 60.Kf3 Bf4+ 61.Kg2 Rg3+  0-1

[Event "Autumn"]
[Site "Venice ITA"]
[Date "2003.11.01"]
[Round "4"]
[White "Buchicchio,G"]
[Black "Genocchio,D"]
[Result "0-1"]
[WhiteElo "2250"]
[BlackElo "2333"]

1.e4 c5 2.Nf3 e6 3.d4 cxd4 4.Nxd4 Nc6 5.Nc3 a6 6.Be2 Qc7 7.O-O Nf6 8.Kh1 Nxd4
9.Qxd4 Bc5 10.Qd3 b5 11.f4 d6 12.Bf3 Ra7 13.e5 dxe5 14.fxe5 Nd7 15.Bf4 Be7
16.Be3 Bc5 17.Bf4 O-O 18.Ne4 f5 19.exf6 Qxf4 20.fxg7 Rf5 21.Nxc5 Rxc5 22.Be4 Qh4
23.Bxh7+ Qxh7  0-1

[Event "Curacao Open"]
[Site "Willemstad AHO"]
[Date "2003.11.01"]
[Round "7"]
[White "Shabalov,A"]
[Black "Timman,J"]
[Result "1/2-1/2"]
[WhiteElo "2597"]
[BlackElo "2578"]

1.e4 c5 2.Nf3 e6 3.d4 cxd4 4.Nxd4 Nc6 5.Nc3 a6 6.Be3 Nf6 7.Qd2 Bb4 8.f3 Qc7
9.a3 Be7 10.g4 b5 11.g5 Nh5 12.Nxc6 dxc6 13.f4 Bb7 14.Qf2 c5 15.Be2 g6 16.O-O O-O-O
17.f5 Bd6 18.Bg4 Kb8 19.fxe6 fxe6 20.Bxe6 Rhf8 21.Qh4 Bf4 22.Bxf4 Nxf4 23.Bg4 b4
24.Nd5 Nxd5 25.exd5 Rxf1+ 26.Rxf1 Rxd5 27.Bf3 Rd4 28.Qe1 Bxf3 29.Rxf3 Qd7
30.Qe5+ Kb7 31.Qxc5 Re4 32.Kf2 Qd2+ 33.Kg3 Qe1+ 34.Qf2 bxa3 35.Rb3+ Kc7 36.Qxe1 Rxe1
37.Rxa3 Rg1+ 38.Kf4 Rg2 39.Rh3 Rxc2 40.Rxh7+ Kd6 41.b3 a5 42.h4 Rf2+ 43.Ke4 Rh2
44.Rh6 Ke7 45.Rxg6 Rxh4+ 46.Kf5 Kf7 47.Rb6 Rd4 48.Rb7+ Kg8 49.Kg6 Rd6+ 50.Kh5 Ra6  1/2-1/2

[Event "Corsica Masters KO"]
[Site "Bastia FRA"]
[Date "2003.11.02"]
[Round "3.1"]
[White "Grischuk,A"]
[Black "Anand,V"]
[Result "1/2-1/2"]
[WhiteElo "2732"]
[BlackElo "2766"]

1.e4 c5 2.Nf3 e6 3.d4 cxd4 4.Nxd4 Nc6 5.Nc3 Qc7 6.Be3 a6 7.Qd2 Nf6 8.O-O-O Bb4
9.f3 Na5 10.Bf4 d6 11.Nb3 e5 12.Bg5 Be6 13.Kb1 Rc8 14.Qe3 b5 15.Bh4 Bxc3
16.Qxc3 Qxc3 17.bxc3 Nb7 18.Kb2 Nd7 19.Bf2 Ke7 20.Ra1 Ndc5 21.Nxc5 Nxc5 22.Bxc5 Rxc5
23.a4 bxa4 24.Rxa4 a5 25.Bd3 Rb8+ 26.Kc1 Bd7 27.Ra3 a4 28.c4 Kd8 29.Kd2 Kc7
30.Kc3 Ra5 31.Rd1 Kc6 32.Be2 Be6 33.Rda1 Rba8 34.Rb1 Bd7 35.Bf1 Kc5 36.Raa1 Bc6
37.Kb2 a3+ 38.Ka2  1/2-1/2